Spenser's minor poems / (Record no. 19714)
[ view plain ]
| 000 -LEADER | |
|---|---|
| fixed length control field | 01250nam a22003612i 4500 |
| 001 - CONTROL NUMBER | |
| control field | 19714 |
| 003 - CONTROL NUMBER IDENTIFIER | |
| rucl marc code | BD-RjUL |
| 005 - DATE AND TIME OF LATEST TRANSACTION | |
| control field | 20211209000452.0 |
| 008 - FIXED-LENGTH DATA ELEMENTS--GENERAL INFORMATION | |
| fixed length control field | 114022s1885 enk fo| 001 0 eng|d |
| 020 ## - INTERNATIONAL STANDARD BOOK NUMBER | |
| International Standard Book Number | 9780191762246 (ebook) : |
| 035 ## - SYSTEM CONTROL NUMBER | |
| System control number | (BD-RjUL)19775 |
| 040 ## - CATALOGING SOURCE | |
| Original cataloging agency | StDuBDS |
| Transcribing agency | StDuBDS |
| Description conventions | rda |
| Language of cataloging | eng |
| Modifying agency | BD-RjUL |
| 041 ## - LANGUAGE CODE | |
| Language code of text/sound track or separate title | eng |
| 082 04 - DEWEY DECIMAL CLASSIFICATION NUMBER | |
| Classification number | 821.3 |
| Edition number | 23 |
| Author mark and year | SPE |
| 100 1# - MAIN ENTRY--PERSONAL NAME | |
| Personal name | Spenser, Edmund, |
| Dates associated with a name | 1552?-1599, |
| 9 (RLIN) | 60568 |
| 245 10 - TITLE STATEMENT | |
| Title | Spenser's minor poems / |
| Statement of responsibility, etc. | Ernest De Selincourt (ed.). |
| Number of part/section of a work | Volume I |
| 260 ## - PUBLICATION, DISTRIBUTION, ETC. (IMPRINT) | |
| Place of publication, distribution, etc. | London : |
| Name of publisher, distributor, etc. | Charendon Press, |
| Date of publication, distribution, etc. | 1885. |
| 300 ## - PHYSICAL DESCRIPTION | |
| Pagination | 1 online resource. |
| 490 1# - SERIES STATEMENT | |
| Series statement | The poetical works of Edmund Spenser ; |
| Volume/sequential designation | vol. 1 |
| 504 ## - BIBLIOGRAPHY, ETC. NOTE | |
| Bibliography, etc | Includes bibliographical references and index. |
| 550 ## - ISSUING BODY NOTE | |
| Issuing body note | Issued as part of Oxford Scholarly editions Online. |
| 650 ## - SUBJECT ADDED ENTRY--TOPICAL TERM | |
| Topical term or geographic name as entry element | Poems |
| 9 (RLIN) | 60569 |
| 700 1# - ADDED ENTRY--PERSONAL NAME | |
| Personal name | De Selincourt, Ernest, |
| Dates associated with a name | 1870-1943, |
| Relator term | editor of compilation. |
| 710 2# - ADDED ENTRY--CORPORATE NAME | |
| Corporate name or jurisdiction name as entry element | Oxford University Press. |
| 9 (RLIN) | 9161 |
| 776 08 - ADDITIONAL PHYSICAL FORM ENTRY | |
| Relationship information | Print version |
| International Standard Book Number | 9780198118237 |
| 830 #0 - SERIES ADDED ENTRY--UNIFORM TITLE | |
| Volume number/sequential designation | vol. 1. |
| 830 #0 - SERIES ADDED ENTRY--UNIFORM TITLE | |
| Uniform title | Oxford Scholarly editions Online. |
| Uniform title | Poetical works of Edmund Spenser ; |
| 856 40 - ELECTRONIC LOCATION AND ACCESS | |
| Uniform Resource Identifier | <a href="http://dx.doi.org/10.1093/actrade/9780198118237.book.1">http://dx.doi.org/10.1093/actrade/9780198118237.book.1</a> |
| 942 ## - ADDED ENTRY ELEMENTS (KOHA) | |
| Source of classification or shelving scheme | Dewey Decimal Classification |
| Koha item type | Books |
| Lost status | Source of classification or shelving scheme | Damaged status | Not for loan | Collection code | Permanent Location | Current Location | Shelving location | Date acquired | Total Checkouts | Full call number | Date last seen | Copy number | Koha item type |
|---|---|---|---|---|---|---|---|---|---|---|---|---|---|
| Dewey Decimal Classification | Not For Loan | Fiction | Central Library, University of Rajshahi | Central Library, University of Rajshahi | Reading Room | 25/02/2014 | 821.3 SPE 1885 | 25/02/2014 | C-1 | Books |